Computadoras, el láser, robots. (Record no. 10362)
[ view plain ]
| 000 -CABECERA | |
|---|---|
| campo de control de longitud fija | 00678nam a2200205 a 4500 |
| 005 - FECHA Y HORA DE LA ÚLTIMA TRANSACCIÓN | |
| campo de control | 20230110063527.0 |
| 008 - ELEMENTOS DE LONGITUD FIJA--INFORMACIÓN GENERAL | |
| campo de control de longitud fija | 991125s1990 mx 000 0 spa u |
| 020 ## - NÚMERO INTERNACIONAL NORMALIZADO PARA LIBROS | |
| Número Internacional Estándar del Libro | 9683305334 |
| 035 ## - NÚMERO DE CONTROL DEL SISTEMA | |
| Número de control de sistema | UPN01000010362 |
| 049 ## - COLECCIÓN | |
| Colección | C |
| 050 #4 - SIGNATURA TOPOGRÁFICA DE LA BIBLIOTECA DEL CONGRESO | |
| Número de clasificación | Q163 |
| Número de documento/Ítem | M564 no.6 |
| 245 00 - MENCIÓN DE TÍTULO | |
| Título | Computadoras, el láser, robots. |
| 260 ## - PUBLICACIÓN, DISTRIBUCIÓN, ETC. | |
| Lugar de publicación, distribución, etc. | México : |
| Nombre del editor, distribuidor, etc. | Grolier, |
| Fecha de publicación, distribución, etc. | 1990. |
| 300 ## - DESCRIPCIÓN FÍSICA | |
| Extensión | 224 p. : |
| Otras características físicas | il. |
| 440 #0 - MENCIÓN DE SERIE/ASIENTO SECUNDARIO--TÍTULO | |
| Título | Mis primeros conocimientos ; |
| Designación de volumen o secuencia | 6 |
| 534 ## - NOTA SOBRE LA VERSIÓN ORIGINAL | |
| Frase introductoria | Traducción de: |
| Mención de título del original | Computers (a first book) -- The inside story -- A computer robots and robotics (a computer-awarenessfirst book) |
| 650 #4 - ASIENTO SECUNDARIO DE MATERIA - TERMINO TEMATICO | |
| Término de materia o nombre geográfico como elemento de entrada | CIENCIA - |
| Subdivisión de forma | DICCIONARIOS |
| 9 (RLIN) | 9950 |
| 650 #2 - ASIENTO SECUNDARIO DE MATERIA - TERMINO TEMATICO | |
| Término de materia o nombre geográfico como elemento de entrada | Ciencia |
| Subdivisión de forma | Literatura juvenil |
| 9 (RLIN) | 6801 |
| 905 ## - TIPO DE MATERIAL | |
| Tipo de material | Libro |
| Estado de retiro | Estado de pérdida | Fuente del sistema de clasificación o colocación | Estado dañado | No para préstamo | Código de colección | Localización permanente | Ubicación/localización actual | Ubicación en estantería | Total de préstamos | Clasificación | Código de barras | Fecha visto por última vez | Número de copia | Tipo de ítem Koha |
|---|---|---|---|---|---|---|---|---|---|---|---|---|---|---|
| Library of Congress Classification | Consulta | Consulta | Bib. Gregorio Torres Quintero | Bib. Gregorio Torres Quintero | Sala de lectura Sótano | Q163 M564 no.6 | 107341 | 31/12/2020 | 1 | Libro |
